Central Library OPAC University of Rajshahi

Introduction to molecular energies and spectra / (Record no. 10389)

MARC details
000 -LEADER
fixed length control field 00750nam a22002532 4500
001 - CONTROL NUMBER
control field 10389
003 - CONTROL NUMBER IDENTIFIER
rucl marc code BD-RjUL
005 - DATE AND TIME OF LATEST TRANSACTION
control field 20211208234938.0
008 - FIXED-LENGTH DATA ELEMENTS--GENERAL INFORMATION
fixed length control field 140123s1972 enka 001 0 eng d
020 ## - INTERNATIONAL STANDARD BOOK NUMBER
International Standard Book Number 0030779154
035 ## - SYSTEM CONTROL NUMBER
System control number (BD-RjUL)10437
040 ## - CATALOGING SOURCE
Original cataloging agency UKM
Transcribing agency UKM
Modifying agency BD-RjUL
Language of cataloging eng
041 ## - LANGUAGE CODE
Language code of text/sound track or separate title eng
082 00 - DEWEY DECIMAL CLASSIFICATION NUMBER
Classification number 539.12
Edition number 18
Author mark and year HAI 1972
100 1# - MAIN ENTRY--PERSONAL NAME
Personal name Harmony, Marlin D.,
Dates associated with a name 1936-
9 (RLIN) 32115
245 10 - TITLE STATEMENT
Title Introduction to molecular energies and spectra /
Statement of responsibility, etc. Marlin D. Harmony.
260 ## - PUBLICATION, DISTRIBUTION, ETC. (IMPRINT)
Place of publication, distribution, etc. New York ;
-- London :
Name of publisher, distributor, etc. Holt, Rinehart and Winston,
Date of publication, distribution, etc. c1972.
300 ## - PHYSICAL DESCRIPTION
Pagination xi, 563 p. :
Illustrations ill. ;
Size 24 cm.
504 ## - BIBLIOGRAPHY, ETC. NOTE
Bibliography, etc Includes bibliographies and index.
650 #0 - SUBJECT ADDED ENTRY--TOPICAL TERM
Topical term or geographic name as entry element Molecular spectra.
9 (RLIN) 27986
942 ## - ADDED ENTRY ELEMENTS (KOHA)
Source of classification or shelving scheme Dewey Decimal Classification
Koha item type Books
Holdings
Lost status Source of classification or shelving scheme Damaged status Not for loan Collection code Permanent Location Current Location Shelving location Date acquired Source of acquisition Total Checkouts Full call number Date last seen Copy number Koha item type
  Dewey Decimal Classification   Not For Loan Non-fiction Central Library, University of Rajshahi Central Library, University of Rajshahi Reading Room 22/04/1991 Canada Govt.   539.12 HAI 1972 23/01/2014 C-1 Books